[Event "Moscow Open A 2015"]
[Site "Moscow RUS"]
[Date "2015.02.08"]
[Round "9.103"]
[White "Tukubayev, K"]
[Black "Tutisani, Noe"]
[Result "0-1"]
[WhiteElo "2157"]
[BlackElo "2308"]
[WhiteFideId "13708147"]
[BlackFideId "13602853"]
[EventDate "2015.01.31"]

1. d4 Nf6 2. c4 g6 3. Nc3 Bg7 4. e4 d6 5. Nf3 O-O 6. Be2 Nbd7 7. O-O e5 8. d5
Nc5 9. Qc2 a5 10. Bg5 h6 11. Bh4 g5 12. Bg3 Nh5 13. Nd2 Nf4 14. Rfe1 f5 15. exf5
Bxf5 16. Nde4 c6 17. dxc6 bxc6 18. Rad1 Nfe6 19. Bf1 Nd4 20. Qc1 Nce6 21. c5 d5
22. Nd6 Bg4 23. Ne2 e4 24. Nxd4 Bxd4 25. Be2 Bxe2 26. Rxe2 Qf6 0-1

[Event "Moscow Open A 2015"]
[Site "Moscow RUS"]
[Date "2015.02.08"]
[Round "9.104"]
[White "Askerov, Marat"]
[Black "Shandrygin, Nikita"]
[Result "0-1"]
[WhiteElo "2283"]
[BlackElo "2151"]
[WhiteFideId "24175200"]
[BlackFideId "24198668"]
[EventDate "2015.01.31"]

1. d4 Nf6 2. c4 g6 3. Nf3 Bg7 4. g3 O-O 5. Bg2 d5 6. O-O dxc4 7. Qc2 Nd5 8. Na3
Nc6 9. e3 e5 10. Qxc4 Be6 11. Qe2 Nb6 12. Rd1 a6 13. b3 a5 14. Bb2 a4 15. Nb5
Nd5 16. Bf1 Ncb4 17. Ne1 c6 18. Na3 axb3 19. axb3 0-1

[Event "Moscow Open A 2015"]
[Site "Moscow RUS"]
[Date "2015.02.08"]
[Round "9.105"]
[White "Selivanov, Ivan"]
[Black "Shapiro, David"]
[Result "1/2-1/2"]
[BlackTitle "FM"]
[WhiteElo "2149"]
[BlackElo "2252"]
[WhiteFideId "24199060"]
[BlackFideId "24133523"]
[EventDate "2015.01.31"]

1. f4 e5 2. fxe5 d6 3. exd6 Bxd6 4. Nf3 g5 5. g3 h5 6. d4 g4 7. Nh4 Be7 8. Ng2
h4 9. Bf4 Nf6 10. Nxh4 Nc6 11. c3 Rxh4 12. gxh4 Ne4 13. Bg3 Bxh4 14. Bg2 Nxg3
15. hxg3 Bxg3+ 16. Kd2 Be5 17. Kc2 Bg7 18. Qd3 Qg5 19. Nd2 Bf5 20. Be4 Be6 21.
Nb3 f5 22. Bg2 Rd8 23. Nc5 Bc8 24. Qc4 Qg6 25. Raf1 Ke7 26. e4 Rf8 27. d5 Ne5
28. Qb4 a5 29. Qxa5 b6 30. Qa7 bxc5 31. Qxc7+ Kf6 32. Qxc5 Kg5 33. Qf2 Kf6 34.
Kb1 Kf7 35. exf5 Qf6 36. d6 Qxd6 37. Rd1 Qc7 38. Bd5+ Ke7 39. Qh4+ Rf6 40. Rhf1
Kf8 41. Qh7 Nf7 42. Bxf7 Kxf7 43. Qh5+ Kf8 44. Qxg4 Rb6 45. Rc1 Bxc3 46. b3 Rc6
47. Rg1 Qf7 48. Rgf1 Qf6 49. Qg6 Bb7 50. Qxf6+ Bxf6 51. Rxc6 Bxc6 52. a4 Ke7 53.
Re1+ Kd7 54. Kc2 Bd5 55. a5 Kc6 56. Re6+ Bxe6 57. fxe6 Kb5 58. b4 Be7 59. Kb3
Bf8 60. a6 Kxa6 61. Kc4 Kb6 62. Kd5 1/2-1/2

[Event "Moscow Open A 2015"]
[Site "Moscow RUS"]
[Date "2015.02.08"]
[Round "9.106"]
[White "Elistratov, Semen"]
[Black "Shapfiullin, Ildar"]
[Result "1-0"]
[WhiteElo "2206"]
[BlackElo "2093"]
[WhiteFideId "24134325"]
[BlackFideId "4147146"]
[EventDate "2015.01.31"]

1. e4 Nf6 2. e5 Nd5 3. d4 d6 4. c4 Nb6 5. f4 dxe5 6. fxe5 c5 7. d5 e6 8. Nc3
exd5 9. cxd5 c4 10. Nf3 Bg4 11. Be2 Bc5 12. Bg5 Qc8 13. Qd2 O-O 14. h3 Bh5 15.
O-O-O Na6 16. g4 Bg6 17. Nh4 Bd3 18. Bxd3 cxd3 19. Qxd3 Nb4 20. Qf5 h6 21. Bd2
Qxf5 22. gxf5 Nd3+ 23. Kc2 Nxe5 24. f6 g5 25. Nf5 Kh7 26. h4 Kg6 27. Rdf1 Rh8
28. a3 a5 29. Rh2 Rae8 30. Rg2 g4 31. h5+ Kxf6 32. Ne4# 1-0

[Event "Moscow Open A 2015"]
[Site "Moscow RUS"]
[Date "2015.02.08"]
[Round "9.107"]
[White "Karpenko, Artem"]
[Black "Mezentsev, Ivan"]
[Result "1-0"]
[WhiteElo "2188"]
[BlackElo "2078"]
[WhiteFideId "24175595"]
[BlackFideId "13706195"]
[EventDate "2015.01.31"]

1. e4 Nf6 2. e5 Nd5 3. d4 d6 4. Nf3 g6 5. Bc4 Nb6 6. Bb3 d5 7. h3 Bg7 8. O-O O-O
9. c3 f6 10. Re1 Nc6 11. exf6 exf6 12. Bf4 Bd7 13. Nbd2 Be8 14. Ne4 Bf7 15. Nc5
Qc8 16. a4 a5 17. Nd2 Rd8 18. Qf3 Bf8 19. Bg3 Kg7 20. Re2 Bxc5 21. dxc5 Nd7 22.
Bxd5 Nxc5 23. Bxc6 Rd3 24. Bxb7 Qxb7 25. Qxb7 Nxb7 26. Bxc7 Rc8 27. Bb6 Rc6 28.
Bd4 Nd6 29. f3 Nf5 30. Bf2 Rd8 31. g4 Nd6 32. Bd4 Rb8 33. Ne4 Nxe4 34. fxe4 Bc4
35. Rf2 Re6 36. Re1 Rbe8 37. Rxf6 Rxe4 38. Rxe4 Rxe4 39. Rf4+ 1-0

[Event "Moscow Open A 2015"]
[Site "Moscow RUS"]
[Date "2015.02.08"]
[Round "9.109"]
[White "Payanidi, Janis"]
[Black "Proleiko, Julian"]
[Result "1-0"]
[WhiteElo "2167"]
[BlackElo "1981"]
[WhiteFideId "24128490"]
[BlackFideId "30900255"]
[EventDate "2015.01.31"]

1. e4 e5 2. Nf3 Nc6 3. Bb5 Nf6 4. Qe2 Bc5 5. c3 O-O 6. O-O d6 7. h3 Bb6 8. d3
Ne7 9. Be3 c6 10. Ba4 Ng6 11. Bc2 Nh5 12. d4 Nhf4 13. Qd2 Bc7 14. Kh2 Qd7 15.
Ng1 d5 16. dxe5 Bxe5 17. Kh1 Qe7 18. exd5 Nxd5 19. Re1 Nxe3 20. Qxe3 Bd6 21.
Bxg6 Qxe3 22. Bxh7+ Kxh7 23. Rxe3 Bf4 24. Re1 Be6 25. Ne2 Be5 26. Nd2 Rad8 27.
Nf3 Bf6 28. Nf4 Bc4 29. Nh5 Kg6 30. Nxf6 Kxf6 31. b3 Bd5 32. Ne5 Rh8 33. Kh2 Be6
34. Re2 Rh5 35. Rae1 g5 36. Kg3 a5 37. Re3 a4 38. c4 Rd2 39. R1e2 Rxe2 40. Rxe2
Rh8 41. Nd3 axb3 42. axb3 Ra8 43. Nc5 Ra3 44. Re3 b6 45. Nxe6 fxe6 46. f4 gxf4+
47. Kxf4 Ra2 48. g4 Rf2+ 49. Kg3 Rc2 50. h4 b5 51. cxb5 cxb5 52. Kf4 Rf2+ 53.
Rf3 Re2 54. g5+ Kf7 55. Kg4+ Kg7 56. Rc3 Re4+ 57. Kh5 Kf7 58. g6+ Kf6 59. Rf3+
Kg7 60. Rf7+ Kg8 61. Rb7 b4 62. Kg5 1-0

[Event "Moscow Open A 2015"]
[Site "Moscow RUS"]
[Date "2015.02.08"]
[Round "9.111"]
[White "Urazayev, Arystanbek"]
[Black "Taalaibekov, Tagir"]
[Result "1-0"]
[WhiteElo "2205"]
[BlackElo "2037"]
[WhiteFideId "13709810"]
[BlackFideId "13801163"]
[EventDate "2015.01.31"]

1. e4 e6 2. d3 d5 3. Nd2 c5 4. g3 Nf6 5. Bg2 Nc6 6. Ne2 g6 7. O-O Bg7 8. c3 O-O
9. f4 Rb8 10. e5 Nd7 11. d4 Re8 12. Nf3 b5 13. g4 f6 14. Ng3 b4 15. f5 bxc3 16.
bxc3 cxd4 17. cxd4 exf5 18. gxf5 fxe5 19. fxg6 hxg6 20. Qc2 Nb4 21. Qxg6 Rb6 22.
Qh5 Nf6 23. Qh4 Ne4 24. Ng5 Rh6 25. Nh5 Qb6 26. Nxe4 Qxd4+ 27. Kh1 Rxh5 28. Qxh5
Re6 29. Ng5 1-0

[Event "Moscow Open A 2015"]
[Site "Moscow RUS"]
[Date "2015.02.08"]
[Round "9.113"]
[White "Derakhshani, Borna"]
[Black "Zhuk, Valeriy"]
[Result "0-1"]
[WhiteTitle "CM"]
[WhiteElo "2081"]
[BlackElo "2150"]
[WhiteFideId "12518450"]
[BlackFideId "24151254"]
[EventDate "2015.01.31"]

1. e4 e6 2. d4 d5 3. Nc3 Bb4 4. e5 c5 5. a3 Bxc3+ 6. bxc3 Ne7 7. Qg4 O-O 8. Bd3
Nbc6 9. Nf3 f5 10. exf6 Rxf6 11. Bg5 e5 12. Qh4 e4 13. Bxf6 gxf6 14. Bf1 Ng6 15.
Qh6 exf3 16. gxf3 Qe7+ 17. Kd1 Bf5 18. Qe3 cxd4 19. cxd4 Re8 20. Qxe7 Rxe7 21.
c3 Nf4 22. Kd2 Na5 23. Re1 Rxe1 24. Kxe1 Nd3+ 25. Bxd3 Bxd3 26. Kd2 Bf5 27. Ke3
Nc4+ 28. Kf4 Bg6 29. Ra1 b6 30. Kg4 Kf7 31. h4 h5+ 32. Kf4 Nd6 33. a4 a5 34. Ra2
Ke7 35. Rb2 Nc4 36. Re2+ Kd7 37. Re1 Nd6 38. Rc1 Be8 39. Re1 Bg6 40. Rc1 Kc6 41.
Re1 Kd7 42. Rc1 Bd3 43. Ke3 Bf5 44. Kf4 Kc6 45. Rg1 b5 46. axb5+ Kxb5 47. Rg8
Bc8 48. Ke3 a4 49. Kd2 a3 50. Kc1 Kc4 51. Kb1 Kb3 52. Ka1 Bf5 53. Rd8 Nc4 54.
Rxd5 Bg6 55. Rb5+ Kxc3 56. d5 Kd4 57. d6 Nxd6 58. Rb6 Ke5 59. f4+ Kd5 60. Ra6
Be8 61. Rxa3 Nf5 62. Ra8 Bf7 63. Ra5+ Ke6 64. Ra6+ Ke7 65. Ra7+ Kf8 66. Kb2 Nxh4
67. Kc3 Ng6 68. f5 Ne7 69. Ra5 Be8 70. Kd2 Bd7 71. Ke3 Bxf5 72. Kf4 Bg6 73. Ra8+
Kf7 74. Ra7 Bf5 75. Kg3 Ke6 76. Ra6+ Kf7 77. Ra7 Bg6 78. Kf4 Kf8 79. Ra8+ Be8
80. Ra6 Kf7 81. Ra7 Bc6 82. Kg3 Ke6 83. Kh4 Bf3 84. Kg3 Bc6 85. Kh4 Be8 86. Ra6+
Ke5 87. Ra5+ Nd5 88. Ra8 Bf7 89. Ra7 Ke6 90. Ra6+ Kf5 91. Ra7 Kg6 92. Ra3 Ne7
93. Rg3+ Kh6 94. Rf3 Ng6+ 95. Kh3 Be6+ 96. Kh2 Kg7 97. Ra3 Ne5 98. Kg3 Kg6 99.
Kh4 Bg4 100. Kg3 Nf3 101. Kf4 Nd4 102. Ke4 Ne6 103. Ke3 h4 104. f3 Bf5 105. Ra4
Kg5 106. Kf2 Nf4 107. Kg1 Nd3 108. Kg2 Nf4+ 109. Kh2 Bg6 110. Ra5+ f5 111. Ra8
Bh5 112. Ra3 Bf7 113. Ra4 Bd5 114. Ra3 Ne6 115. Kh3 Nf4+ 116. Kh2 Ne2 117. Rd3
Be6 118. Ra3 Nd4 119. f4+ Kg4 120. Ra7 Nf3+ 121. Kh1 Kxf4 0-1

[Event "Moscow Open A 2015"]
[Site "Moscow RUS"]
[Date "2015.02.08"]
[Round "9.114"]
[White "Mischeryakov, Alexey"]
[Black "Safonov, Nikita"]
[Result "1-0"]
[WhiteElo "1911"]
[BlackElo "2080"]
[WhiteFideId "34156434"]
[BlackFideId "24153281"]
[EventDate "2015.01.31"]

1. e4 c5 2. Nf3 a6 3. d4 cxd4 4. Nxd4 Nf6 5. Nc3 e5 6. Nf3 Bb4 7. Bd3 d5 8. Nxe5
Qe7 9. Bf4 d4 10. a3 Bd6 11. Ne2 Bxe5 12. Bxe5 Qxe5 13. f4 Qc5 14. Nxd4 Nc6 15.
Nxc6 Qe3+ 16. Qe2 Qxe2+ 17. Kxe2 bxc6 18. c4 O-O 19. e5 Nd7 20. Be4 Rb8 21. b4
c5 22. Rab1 a5 23. bxa5 Ba6 24. Bd5 Rxb1 25. Rxb1 Rb8 26. Rd1 Kf8 27. Ke3 Ke7
28. Ke4 f5+ 29. Kxf5 Rb3 30. a4 Nb8 31. Kg5 Rb4 32. f5 Bxc4 33. f6+ gxf6+ 34.
exf6+ Ke8 35. f7+ Kf8 36. Bxc4 Rxc4 37. Rd8+ Kxf7 38. Rxb8 Rxa4 39. Rb5 c4 40.
Rc5 Ra2 41. g4 Rxh2 42. Rxc4 Ra2 43. Rc7+ Kg8 44. Rc5 Kg7 45. Kf4 Ra4+ 46. Kf5
Kh6 47. Rc6+ Kg7 48. a6 Ra5+ 49. Kf4 Ra4+ 50. Kg5 Ra5+ 51. Kh4 Ra4 52. Kh5 Ra1
53. g5 Rh1+ 54. Kg4 Rg1+ 55. Kf4 Rf1+ 56. Ke4 Re1+ 57. Kd4 Rg1 58. Kc5 Rxg5+ 59.
Kb6 Rg1 60. a7 Rb1+ 61. Kc7 Ra1 62. Kb7 Rb1+ 63. Rb6 Ra1 64. a8=Q Rxa8 65. Kxa8
h5 66. Ka7 Kh7 1-0

[Event "Moscow Open A 2015"]
[Site "Moscow RUS"]
[Date "2015.02.08"]
[Round "9.115"]
[White "Gumirov, Konstantin L"]
[Black "Spirin, Alexandr"]
[Result "1-0"]
[WhiteElo "1988"]
[BlackElo "1943"]
[WhiteFideId "4125061"]
[BlackFideId "4187431"]
[EventDate "2015.01.31"]

1. d4 Nf6 2. g4 d5 3. g5 Ne4 4. f3 Nd6 5. Nc3 e6 6. e4 dxe4 7. fxe4 Be7 8. h4 b6
9. Bg2 Bb7 10. Qg4 Nc4 11. Nge2 Nd7 12. O-O c5 13. b3 cxd4 14. bxc4 dxc3 15. h5
Ne5 16. Qg3 Bc5+ 17. Kh1 Nxc4 18. Qxc3 b5 19. Qxg7 Rf8 20. Nf4 Bd4 21. Qxf8+
Kxf8 22. Nxe6+ Ke7 23. Nxd8 Rxd8 24. Rb1 a6 25. a4 Bc6 26. axb5 axb5 27. Rd1 Ne5
28. Bb2 Bxb2 29. Rxd8 Kxd8 30. Rxb2 Ke7 31. Kh2 Ng4+ 32. Kg3 Ne3 33. Bf3 f6 34.
Kf4 Nc4 35. Ra2 fxg5+ 36. Kxg5 Ne5 37. Kf4 1-0